<?xml version="1.0" encoding="UTF-8"?>
<record
    xmlns:xsi="http://www.w3.org/2001/XMLSchema-instance"
    xsi:schemaLocation="http://www.loc.gov/MARC21/slim http://www.loc.gov/standards/marcxml/schema/MARC21slim.xsd"
    xmlns="http://www.loc.gov/MARC21/slim">

  <leader>03009    a2200253   4500</leader>
  <controlfield tag="001">44879</controlfield>
  <controlfield tag="005">20260407155723.0</controlfield>
  <controlfield tag="008">260407a1991    arg                 spa d</controlfield>
  <controlfield tag="003">AR-UNSa-BCEJYS</controlfield>
  <datafield tag="040" ind1=" " ind2=" ">
    <subfield code="a">AR-UNSa-BCEJYS</subfield>
    <subfield code="b">spa</subfield>
    <subfield code="c">AR-UNSa-BCEJYS</subfield>
  </datafield>
  <datafield tag="080" ind1=" " ind2=" ">
    <subfield code="a">330</subfield>
    <subfield code="x">Econom&#xED;a en general</subfield>
  </datafield>
  <datafield tag="245" ind1="1" ind2="0">
    <subfield code="a">Introducci&#xF3;n a la econom&#xED;a positiva</subfield>
  </datafield>
  <datafield tag="020" ind1=" " ind2=" ">
    <subfield code="a">978-84-316-2923-6</subfield>
  </datafield>
  <datafield tag="250" ind1=" " ind2=" ">
    <subfield code="a">12a. ed.</subfield>
  </datafield>
  <datafield tag="264" ind1=" " ind2="1">
    <subfield code="a">Barcelona :</subfield>
    <subfield code="b">Vicens-Vives</subfield>
    <subfield code="c">1991</subfield>
  </datafield>
  <datafield tag="300" ind1=" " ind2=" ">
    <subfield code="a">xxvii, 927 p.</subfield>
    <subfield code="c">25 cm.</subfield>
  </datafield>
  <datafield tag="505" ind1=" " ind2=" ">
    <subfield code="a">Parte I: Alcance y m&#xE9;todo: 1. Temas econ&#xF3;micos &#x2013; 2. La econom&#xED;a como una ciencia social &#x2013; 3. Los instrumentos de la econom&#xED;a &#x2013; 4. Conceptos econ&#xF3;micos b&#xE1;sicos &#x2013; Parte II: Teor&#xED;a elemental de la demanda y la oferta: 5. Demanda, oferta y precio &#x2013; 6. Elasticidad y excedente del consumidor &#x2013; 7. Aplicaciones de la teor&#xED;a de los precios &#x2013; Parte III: Teor&#xED;a elemental de la demanda: 8. Teor&#xED;a de la indiferencia y la preferencia &#x2013; 9. Incertidumbre, riesgo y otras cuestiones &#x2013; Parte IV: Teor&#xED;a elemental de la oferta: 10. La empresa, producci&#xF3;n y coste &#x2013; 11. Los costes y la producci&#xF3;n &#x2013; 12. Competencia perfecta &#x2013; 13. Teor&#xED;a del monopolio &#x2013; 14. Competencia imperfecta &#x2013; 15. Aplicaciones &#x2013; 16. Cr&#xED;ticas y contrastaciones de la teor&#xED;a de la oferta &#x2013; Parte V: Teor&#xED;a de la distribuci&#xF3;n: 17. Las rentas de los factores en los mercados competitivos &#x2013; 18. La renta de trabajo &#x2013; 19. La renta del capital &#x2013; 20. Cr&#xED;ticas y contrastaciones de la teor&#xED;a de la distribuci&#xF3;n &#x2013; Parte VI: Comercio internacional: 21. Las ganancias del comercio &#x2013; 22. Barreras al comercio &#x2013; Parte VII: Pol&#xED;tica microecon&#xF3;mica: 23. Argumentos en favor del libre mercado &#x2013; 24. Argumentos a favor del intervencionismo &#x2013; 25. Objetivos de la pol&#xED;tica p&#xFA;blica &#x2013; Parte VIII: Teor&#xED;a elemental de la renta nacional: tipos de inter&#xE9;s y nivel de precios fijos: 26. Conceptos y variables macroecon&#xF3;micos &#x2013; 27. Renta nacional en un modelo de dos sectores &#x2013; 28. La funci&#xF3;n consumo  - 29. La renta nacional en modelos m&#xE1;s complejos &#x2013; Parte IX: Teor&#xED;a intermedia de la renta nacional: tipos de inter&#xE9;s y nivel de precios variables: 30. El dinero y el nivel de precios &#x2013; 31. El equilibrio monetario &#x2013; 32. El modelo IS- LM &#x2013; 33. El modelo de la oferta agregada y la demanda agregada &#x2013; Parte X: Problemas, pol&#xED;ticas y controversias macroecon&#xF3;micas: 34. Inflaci&#xF3;n &#x2013; 35. Empleo y desempleo &#x2013; 36. Fluctuaciones y crecimiento &#x2013; 37. Pol&#xED;tica de demanda 1: pol&#xED;tica fiscal &#x2013; 38. Pol&#xED;tica de demanda 2: pol&#xED;tica monetaria &#x2013; 39.  Tipos de cambio &#x2013; 40. Pol&#xED;tica macroecon&#xF3;mica en una econom&#xED;a abierta &#x2013; 41. Crecimiento en los pa&#xED;ses menos desarrollados &#x2013; 42. Controversias macroecon&#xF3;micas -  </subfield>
  </datafield>
  <datafield tag="041" ind1=" " ind2=" ">
    <subfield code="a">spa</subfield>
  </datafield>
  <datafield tag="942" ind1=" " ind2=" ">
    <subfield code="c">BK</subfield>
  </datafield>
  <datafield tag="590" ind1=" " ind2=" ">
    <subfield code="a">niveau_biblio:m niveau_hierar:0</subfield>
  </datafield>
  <datafield tag="100" ind1="1" ind2=" ">
    <subfield code="a">Lipsey, Richard G.</subfield>
  </datafield>
  <datafield tag="700" ind1="1" ind2=" ">
    <subfield code="a">Tugores Ques, Juan</subfield>
  </datafield>
  <datafield tag="856" ind1="4" ind2="1">
    <subfield code="u">https://www.biblioeco.unsa.edu.ar/pmb/images/libros/L127011.jpg</subfield>
    <subfield code="y">Imagen de portada</subfield>
    <subfield code="q">image/jpeg</subfield>
  </datafield>
  <datafield tag="999" ind1=" " ind2=" ">
    <subfield code="c">3829</subfield>
    <subfield code="d">3829</subfield>
  </datafield>
  <datafield tag="952" ind1=" " ind2=" ">
    <subfield code="0">0</subfield>
    <subfield code="1">0</subfield>
    <subfield code="4">0</subfield>
    <subfield code="7">0</subfield>
    <subfield code="a">BCEJYS</subfield>
    <subfield code="b">BCEJYS</subfield>
    <subfield code="c">16</subfield>
    <subfield code="d">2026-04-07</subfield>
    <subfield code="l">0</subfield>
    <subfield code="o">330 L767 12ed.</subfield>
    <subfield code="p">L127011</subfield>
    <subfield code="r">2026-04-07 15:57:23</subfield>
    <subfield code="w">2026-04-07</subfield>
    <subfield code="y">L</subfield>
  </datafield>
  <datafield tag="952" ind1=" " ind2=" ">
    <subfield code="0">0</subfield>
    <subfield code="1">0</subfield>
    <subfield code="4">0</subfield>
    <subfield code="7">0</subfield>
    <subfield code="a">BCEJYS</subfield>
    <subfield code="b">BCEJYS</subfield>
    <subfield code="c">16</subfield>
    <subfield code="d">2026-04-07</subfield>
    <subfield code="l">0</subfield>
    <subfield code="o">330 L767 12ed.</subfield>
    <subfield code="p">L127373</subfield>
    <subfield code="r">2026-04-07 15:57:23</subfield>
    <subfield code="w">2026-04-07</subfield>
    <subfield code="y">L</subfield>
  </datafield>
</record>
